000 00682nam a2200217Ia 4500
005 20220315110243.0
008 210716s2005 xx 000 0 und d
020 _a9788125911623
040 _cAIMIT LIBRARY
041 _aeng
082 _a658.85
_23
_bSAHP
100 _aSahu, P K.
_923701
245 _aSalesmanship and sales management /
_cBy P K Sahu and K C Raut.
250 _a3rd ed.
_bRevised edition
260 _aNew Delhi
_bVikas Publishing House Pvt Ltd
_c2005
300 _a322p. ;
_c24 cm.
650 _aRecruitment and selection
_923702
650 _aPresentation and demonstration
_923703
700 _aRaut, K C.
_923704
942 _2ddc
_cBK
_e3rd
_k658.85 SAHP
999 _c199806
_d199806